Sri Lanka Journal of International Law (Record no. 2828)
[ view plain ]
| 000 -LEADER | |
|---|---|
| fixed length control field | 00531nam a2200181Ia 4500 |
| 005 - DATE AND TIME OF LATEST TRANSACTION | |
| control field | 20240606015552.0 |
| 008 - FIXED-LENGTH DATA ELEMENTS--GENERAL INFORMATION | |
| fixed length control field | 240331s9999 xx 000 0 und d |
| 082 ## - DDC Classification | |
| Item Number - Author Mark | SRI |
| Class No. | 341 |
| 245 #0 - TITLE STATEMENT | |
| Title | Sri Lanka Journal of International Law |
| 260 ## - PUBLICATION, DISTRIBUTION, ETC. | |
| Place of publication, distribution, etc. | Colombo |
| Name of publisher, distributor, etc. | Faculty of Law and the Department of the International Relations of the University of Colombo |
| Date of publication, distribution, etc. | 1989 |
| 300 ## - PHYSICAL DESCRIPTION | |
| Extent (e.g. Volumes, Pages etc.) | 224 p., |
| 650 ## - SUBJECT ADDED ENTRY--TOPICAL TERM | |
| Topical term or geographic name entry element | International Law |
| 650 ## - SUBJECT ADDED ENTRY--TOPICAL TERM | |
| Topical term or geographic name entry element | Human Rights |
| 700 ## - ADDED ENTRY--PERSONAL NAME | |
| Personal name | Dias,N. ed |
| 700 ## - ADDED ENTRY--PERSONAL NAME | |
| Personal name | Erstling ,J. |
| 700 ## - ADDED ENTRY--PERSONAL NAME | |
| Personal name | Abeyratne,M. |
| 942 ## - Koha item type (Biblio) | |
| Koha item type | Books in Stacks (Lending) |
| Lost status | Damaged status | Collection code | Home library | Current library | Shelving location | Date acquired | Full call number | Accession Number | Item type |
|---|---|---|---|---|---|---|---|---|---|
| Lending | WERC Library | WERC Library | Social Science Cupboard | 03/31/2024 | 341 SRI | 654 | Books in Stacks (Lending) |
